| 000 -LEADER |
| fixed length control field |
01028cam a22002778a 4500 |
| 005 - DATE AND TIME OF LATEST TRANSACTION |
| control field |
20131016103015.0 |
| 008 - FIXED-LENGTH DATA ELEMENTS--GENERAL INFORMATION |
| fixed length control field |
030512s2004 nyu 001 0 eng |
| 020 ## - INTERNATIONAL STANDARD BOOK NUMBER |
| International Standard Book Number |
0321089855 |
| 080 ## - UNIVERSAL DECIMAL CLASSIFICATION NUMBER |
| Universal Decimal Classification number |
321 |
| 245 00 - TITLE STATEMENT |
| Title |
Comparative politics : |
| Statement of responsibility, etc |
Gabriel A. Almond ... [et al.]. |
| 250 ## - |
| -- |
4th ed. |
| 260 ## - |
| -- |
New York ; |
| -- |
Harlow : |
| -- |
Longman, |
| -- |
2004. |
| 300 ## - |
| -- |
x, 209 p. ; |
| -- |
23 cm. |
| 500 ## - |
| -- |
Preface : f. IX - X |
| 500 ## - |
| -- |
Previous ed.: 2001. |
| 500 ## - |
| -- |
Includes index. |
| 505 0# - |
| -- |
Issues in comparative politics -- Comparing political systems -- Political culture and political socialization -- Interest articulation -- Interest aggregation and political parties -- Government and policymaking -- Public policy. |
| 650 #0 - |
| -- |
Politika dhe qeverisja |
| 650 #0 - |
| -- |
Politika botërore |
| 700 1# - |
| -- |
Almond, Gabriel A. |
| -- |
(Gabriel Abraham), |
| -- |
1911-2002. |
| 700 1# - |
| -- |
Bingham Powell, G. |
| 700 1# - |
| -- |
Strom, Kaare |
| 700 1# - |
| -- |
Dalton, Rusell J. |
| 942 ## - ADDED ENTRY ELEMENTS (KOHA) |
| Source of classification or shelving scheme |
|
| Item type |
Books |